Η πύλη : νουβέλα

Αποθηκεύτηκε σε:
Λεπτομέρειες βιβλιογραφικής εγγραφής
Κύριος συγγραφέας: Μιχαηλίδης, Γιώργος, 1938-2018
Μορφή: Βιβλίο
Γλώσσα:Greek
Δημοσίευση: Αθήνα : Καστανιώτης, 1987.
Έκδοση:3η έκδ.
Θέματα:
Ετικέτες: Προσθήκη ετικέτας
Δεν υπάρχουν, Καταχωρήστε ετικέτα πρώτοι!

MARC

LEADER 00000nam a2200000 a 4500
001 1/126720
008 230529s1987####gr | ||| |||| ||gre||
040 |a GR-MyUa  |b gre  |c GR-MyUa  |e AACR2 
041 0 |a gre 
082 7 |a 889.36   |2 (23) 
100 1 |a Μιχαηλίδης, Γιώργος,   |d 1938-2018. 
245 1 2 |a Η πύλη :   |b νουβέλα /   |c Γιώργος Μιχαηλίδης.  
250 |a 3η έκδ.  
260 |a Αθήνα :   |b Καστανιώτης,   |c 1987.  
300 |a 86 σ. ;   |c 21 εκ.  
650 0 |a Short stories, Greek (Modern) 
650 0 |a Greek literature, Modern 
852 |a INST  |b LESVOS  |e 20230529  |h 889.36 ΜΙΧ  |p 005100064545  |q 005100064545  |t BK  |y 0 
970 |a Καμάτσου  |b Δέσποινα  |z 29-05-2023